Bontó- és válóper a cseh-szlovák köztársaságban

Elmentve itt :
Bibliográfiai részletek
Szerző: Sommer Alfréd
Dokumentumtípus: Cikk
Megjelent: 1925
Sorozat:Polgári jog : a hazai és külföldi magánjog és hiteljog szemléje 1
Kulcsszavak:Családjog válás Csehszlovákia
Online Access:http://misc.bibl.u-szeged.hu/3740
LEADER 00638nab a2200169 i 4500
001 misc3740
005 20191106143200.0
008 170607s1925 hu o 0|| hun d
040 |a SZTE Miscellanea Repozitórium  |b hun 
041 |a hun 
100 1 |a Sommer Alfréd 
245 1 0 |a Bontó- és válóper a cseh-szlovák köztársaságban  |h [elektronikus dokumentum] /  |c  Sommer Alfréd 
260 |c 1925 
300 |a 18-28a 
490 0 |a Polgári jog : a hazai és külföldi magánjog és hiteljog szemléje  |v 1 
695 |a Családjog válás Csehszlovákia 
856 4 0 |u http://misc.bibl.u-szeged.hu/3740/1/polgari_jog_1925_018-028a.pdf  |z Dokumentum-elérés